<?xml version="1.0" encoding="UTF-8"?><?xml-stylesheet type="text/xsl" href="static/style.xsl"?><OAI-PMH xmlns="http://www.openarchives.org/OAI/2.0/" xmlns:xsi="http://www.w3.org/2001/XMLSchema-instance" xsi:schemaLocation="http://www.openarchives.org/OAI/2.0/ http://www.openarchives.org/OAI/2.0/OAI-PMH.xsd"><responseDate>2026-04-13T14:23:26Z</responseDate><request verb="GetRecord" identifier="oai:www.recercat.cat:10459.1/49208" metadataPrefix="marc">https://recercat.cat/oai/request</request><GetRecord><record><header><identifier>oai:recercat.cat:10459.1/49208</identifier><datestamp>2024-12-05T23:11:09Z</datestamp><setSpec>com_2072_3622</setSpec><setSpec>col_2072_478537</setSpec></header><metadata><record xmlns="http://www.loc.gov/MARC21/slim" xmlns:dcterms="http://purl.org/dc/terms/" xmlns:xsi="http://www.w3.org/2001/XMLSchema-instance" xmlns:doc="http://www.lyncode.com/xoai" xsi:schemaLocation="http://www.loc.gov/MARC21/slim http://www.loc.gov/standards/marcxml/schema/MARC21slim.xsd">
   <leader>00925njm 22002777a 4500</leader>
   <datafield ind2=" " ind1=" " tag="042">
      <subfield code="a">dc</subfield>
   </datafield>
   <datafield ind2=" " ind1=" " tag="720">
      <subfield code="a">Paniagua Marvà, Laia</subfield>
      <subfield code="e">author</subfield>
   </datafield>
   <datafield ind2=" " ind1=" " tag="260">
      <subfield code="c">2015-12-02T09:33:13Z</subfield>
   </datafield>
   <datafield ind2=" " ind1=" " tag="260">
      <subfield code="c">2015-12-02T09:33:13Z</subfield>
   </datafield>
   <datafield ind2=" " ind1=" " tag="260">
      <subfield code="c">2015-06</subfield>
   </datafield>
   <datafield ind2=" " ind1=" " tag="520">
      <subfield code="a">Bilingüe</subfield>
   </datafield>
   <datafield ind2=" " ind1=" " tag="520">
      <subfield code="a">La voluntat europeista de Catalunya és palesa en la discussió política sobre el seu l’hipotètic&#xd;
futur independent. La permanència o no de Catalunya a la UE, i els efectes que se’n&#xd;
derivarien, ha estat i és encara un aspecte controvertit i objecte de discussió en política i la&#xd;
doctrina jurídica.&#xd;
L’objecte d’aquest treball és l’anàlisi dels efectes jurídics, en el marc de la UE, de la secessió&#xd;
d’un territori d’un Estat membre de la UE, concretament Catalunya.&#xd;
Per això, de la manera més objectiva possible, es procedirà a l’anàlisi de la normativa&#xd;
internacional i en concret l’acquis communautaire de la Unió Europea, com a institució sui&#xd;
generis, única al món. S’estudiaran les disposicions normatives, els precedents històrics de&#xd;
secessions en Estats membres, les diferents interpretacions relatives al procediment&#xd;
d’integració, i les conseqüències quant a la ciutadania de la UE.&#xd;
Finalment, es recopilaran els supòsits que es poden donar d’acord amb les diverses&#xd;
interpretacions de la normativa: la continuïtat, l’adhesió ex novo, l’exclusió, i el procediment&#xd;
ad hoc, amb els respectius punts forts i dèbils en la seva implementació.</subfield>
   </datafield>
   <datafield ind2=" " ind1=" " tag="520">
      <subfield code="a">Catalonia’s willingness to be part of Europe is reflected in the political discussion about its&#xd;
hypothetical future independence. The permanence of Catalonia in the EU and the effects&#xd;
derived of its secession have been and still represent a controversial aspect discussed in&#xd;
political and legal doctrine.&#xd;
The purpose of this work is the analysis of the legal effects in the context of the EU secession&#xd;
of a territory of a Member State of the EU, in particular Catalonia.&#xd;
Therefore, as objectively as possible, we will proceed to the analysis of international law and&#xd;
in particular the acquis communautaire of the European Union as an institution sui generis,&#xd;
unique in the world. We will study the regulations, the historical precedents of secessions in&#xd;
Member States, the different interpretations regarding the integration procedure and the&#xd;
consequences relating EU citizens.&#xd;
Finally, we will explain the different scenarios that may occur according to the different&#xd;
interpretations of the rules: continuity, adhesion ex novo, exclusion and the ad hoc procedure,&#xd;
with the respective strengths and weaknesses in implementation.</subfield>
   </datafield>
   <datafield ind1="8" ind2=" " tag="024">
      <subfield code="a">http://hdl.handle.net/10459.1/49208</subfield>
   </datafield>
   <datafield tag="653" ind2=" " ind1=" ">
      <subfield code="a">Catalunya</subfield>
   </datafield>
   <datafield tag="653" ind2=" " ind1=" ">
      <subfield code="a">Unió Europea</subfield>
   </datafield>
   <datafield tag="653" ind2=" " ind1=" ">
      <subfield code="a">Independència</subfield>
   </datafield>
   <datafield tag="653" ind2=" " ind1=" ">
      <subfield code="a">Secessió</subfield>
   </datafield>
   <datafield tag="653" ind2=" " ind1=" ">
      <subfield code="a">Continuïtat i exclusió</subfield>
   </datafield>
   <datafield tag="653" ind2=" " ind1=" ">
      <subfield code="a">Integració</subfield>
   </datafield>
   <datafield tag="653" ind2=" " ind1=" ">
      <subfield code="a">Espanya</subfield>
   </datafield>
   <datafield tag="653" ind2=" " ind1=" ">
      <subfield code="a">Independència -- Catalunya</subfield>
   </datafield>
   <datafield tag="653" ind2=" " ind1=" ">
      <subfield code="a">Independentisme</subfield>
   </datafield>
   <datafield tag="653" ind2=" " ind1=" ">
      <subfield code="a">Unió Europea</subfield>
   </datafield>
   <datafield ind2="0" ind1="0" tag="245">
      <subfield code="a">Catalunya i la Unió Europea: anàlisi jurídica de la hipotètica independència i adhesió a la UE</subfield>
   </datafield>
   <datafield ind2="0" ind1="0" tag="245">
      <subfield code="a">Catalonia and the European Union: legal analysis of the hypothetical independence and accession to the EU</subfield>
   </datafield>
</record></metadata></record></GetRecord></OAI-PMH>